000 01008nas a2200301 4500
001 BR2022000548
003 BR-BrBNA
005 20231205132254.0
007 ta
008 230509b bl.|||p| |||| 00| 00por d
040 _aBR-BrBNA
_bpor
_cBiblioteca Nacional de Agricultura
041 _a(En)
072 _aF02; F03
100 1 _aSouza, D.M.S.C.
100 1 _aMartins, A.R.
100 1 _aFernandes, S.B.
100 1 _aSantos, J.A. dos
100 1 _aBrondani, G.E.
245 1 _aSeedling production of Mimosa calodendron Mart. ex Benth. in a temporary immersion bioreactor
650 _aPROPAGAÇÃO VEGETATIVA
650 _aCULTURA IN VITRO
650 _aMIMOSA
650 _aMICROPROPAGAÇÃO
773 0 _tNativa. Pesquisas Agrárias e Ambientais (Brazil)
_xISSN 2318-7670
_g(2022), v. 10(1) p. 117-124
_wBR2022000548
856 4 0 _uhttps://periodicoscientificos.ufmt.br/ojs/index.php/nativa/article/view/13351/10598
909 _a202311
_bLúcia
_c55
_dLúcia Elande
942 _2AGRIS
_n0
_cANA
999 _c259416
_d259416